[Event "20th ECC"]
[Site "Izmir TUR"]
[Date "2004.10.03"]
[Round "1"]
[White "Eriksson,Mag1"]
[Black "Macieja,B"]
[Result "1/2-1/2"]
[WhiteElo "2333"]
[BlackElo "2613"]
[EventDate "2004.10.03"]

1. d4 Nf6 2. c4 e6 3. Nc3 Bb4 4. e3 O-O 5. Bd3 c5 6. Nge2 d5 7. cxd5 cxd4
8. exd4 Nxd5 9. O-O Nc6 10. Nxd5 Qxd5 11. Be3 Rd8 12. a3 Bd6 13. Nc3 Qa5
14. Nb5 Rd7 15. d5 exd5 16. b4 Qd8 17. Bf5 Be5 18. Bxd7 Bxd7 19. Qxd5 Bxa1
20. Rxa1 a6 21. Nd6 Be6 22. Qd2 Qe7 23. Bb6 h6 24. Rc1 Qd7 25. h3 Ne5 26.
Qd4 Ng6 27. Rc7 Qa4 28. Rc3 Qd7 29. Rc7 Qa4 30. Rc3 Qd7 1/2-1/2

[Event "20th ECC"]
[Site "Izmir TUR"]
[Date "2004.10.03"]
[Round "1"]
[White "Teran Alvarez,I"]
[Black "Mauquoi,R"]
[Result "1-0"]
[WhiteElo "2431"]
[BlackElo "2082"]
[EventDate "2004.10.03"]

1. e4 e6 2. d3 c5 3. Nf3 Nc6 4. g3 d6 5. Bg2 Nge7 6. O-O g6 7. d4 Bg7 8. c3
O-O 9. d5 exd5 10. exd5 Ne5 11. Nxe5 Bxe5 12. Re1 Rb8 13. Bg5 Re8 14. Na3
Qd7 15. Nc4 f6 16. Nxe5 fxe5 17. f4 Qf5 18. Be4 Qh3 19. fxe5 dxe5 20. d6
Nc6 21. Bd5+ Be6 22. d7 Rf8 23. Qb3 Bf7 24. Rf1 Qxd7 25. Rxf7 Rxf7 26. Rf1
Rbf8 27. Qc4 b6 28. Bh6 Na5 29. Qe4 Kh8 30. Qxe5+ 1-0

[Event "20th ECC"]
[Site "Izmir TUR"]
[Date "2004.10.03"]
[Round "1"]
[White "Idrizaj,A"]
[Black "Granero Roca,A"]
[Result "1-0"]
[WhiteElo "2221"]
[BlackElo "2345"]
[EventDate "2004.10.03"]

1. e4 c6 2. d4 d5 3. e5 c5 4. dxc5 Nc6 5. Nf3 Bg4 6. Bb5 Qa5+ 7. Nc3 e6 8.
Be3 Nge7 9. a3 Nf5 10. Bf4 Be7 11. b4 Qc7 12. Qd3 g5 13. Nxg5 Bxg5 14. Bxg5
Qxe5+ 15. Kd2 Nfd4 16. Qe3 f6 17. Qxe5 fxe5 18. Bxc6+ bxc6 19. Bf6 O-O 20.
Bxe5 Rxf2+ 21. Ke3 Rxc2 22. Kxd4 Rf8 23. Rhf1 Bf5 24. g4 Rd2+ 25. Ke3 Rd3+
26. Ke2 d4 27. gxf5 Re3+ 28. Kd2 Rxe5 29. Ne2 d3 30. Nd4 exf5 31. Rae1 Rd5
32. Nxc6 1-0

[Event "20th ECC"]
[Site "Izmir TUR"]
[Date "2004.10.04"]
[Round "2"]
[White "Inarkiev,E"]
[Black "Schebler,G"]
[Result "1-0"]
[WhiteElo "2604"]
[BlackElo "2496"]
[EventDate "2004.10.03"]

1. d4 e6 2. c4 Bb4+ 3. Nc3 b6 4. e4 Bb7 5. f3 Ne7 6. Nge2 O-O 7. a3 Bxc3+
8. Nxc3 d5 9. Be3 Nd7 10. Qc2 c5 11. cxd5 cxd4 12. Bxd4 exd5 13. O-O-O dxe4
14. Bb5 Bc6 15. Bxc6 Nxc6 16. Qxe4 Nxd4 17. Rxd4 Qc8 18. Rhd1 Nc5 19. Qd5
Qe6 20. Qxe6 Nxe6 21. Rd7 Rfc8 22. Kb1 Nc5 23. R1d5 Kf8 24. Nb5 g6 25. h4
h5 26. g4 hxg4 27. fxg4 a6 28. Nd6 Rc6 29. h5 Rd8 30. h6 f6 31. h7 1-0

[Event "20th ECC"]
[Site "Izmir TUR"]
[Date "2004.10.05"]
[Round "3"]
[White "Zhigalko,A"]
[Black "Dvoirys,S"]
[Result "0-1"]
[WhiteElo "2515"]
[BlackElo "2615"]
[EventDate "2004.10.03"]

1. e4 c5 2. Nf3 d6 3. d4 cxd4 4. Nxd4 Nf6 5. Nc3 a6 6. Be3 e5 7. Nb3 Be6 8.
f3 Nbd7 9. Qd2 b5 10. O-O-O Nb6 11. Qf2 Nc4 12. Bxc4 bxc4 13. Nc5 Be7 14.
Qg3 O-O 15. Bh6 Ne8 16. f4 exf4 17. Bxf4 Qa5 18. Nxe6 fxe6 19. Rhf1 Rb8 20.
Qg4 Nc7 21. Bh6 Qe5 22. Bf4 Rxf4 23. Rxf4 Bg5 24. Rdf1 d5 25. h4 Bh6 26.
Kb1 d4 27. Nd1 Nb5 28. Qg3 Bxf4 29. Qxf4 Qxf4 30. Rxf4 e5 31. Rf5 c3 32.
Rxe5 Na3+ 33. Kc1 Rxb2 34. Re8+ Kf7 35. Nxb2 cxb2+ 36. Kxb2 Nc4+ 37. Kb3
Nd2+ 38. Kb4 Kxe8 39. e5 Nf1 40. Kc5 Ne3 41. Kxd4 Nxg2 0-1

[Event "20th ECC"]
[Site "Izmir TUR"]
[Date "2004.10.06"]
[Round "4"]
[White "Fernandez Gil,M"]
[Black "Jacimovic,D"]
[Result "0-1"]
[WhiteElo "2261"]
[BlackElo "2445"]
[EventDate "2004.10.03"]

1. e4 e6 2. d4 d5 3. exd5 exd5 4. Nf3 Nc6 5. Bb5 Nge7 6. O-O a6 7. Bd3 Nb4
8. Be2 Ng6 9. a3 Nc6 10. c4 dxc4 11. Bxc4 Be7 12. Re1 O-O 13. d5 Na7 14.
Nc3 Bg4 15. h3 Bxf3 16. Qxf3 Nc8 17. Bd2 Nd6 18. Bd3 Qd7 19. Qh5 Bf6 20.
Re2 Rfe8 21. Rae1 Rxe2 22. Rxe2 Re8 23. Rxe8+ Qxe8 24. Qe2 Qxe2 25. Bxe2
Be5 26. b3 Bf4 27. Be1 Bc1 28. a4 f5 29. g3 Ne7 30. Bf3 Bb2 31. Ne2 Be5 32.
Bb4 Kf7 33. Bxd6 Bxd6 34. Nc1 f4 35. Kg2 fxg3 36. fxg3 Nf5 37. Bg4 Kf6 38.
Nd3 Ne7 39. Bf3 a5 40. Be4 h5 41. Kf3 g5 42. g4 h4 43. Ke3 Nc8 44. Kd4 Bb4
45. Ke3 Nd6 46. Kd4 b6 47. Bf3 Bd2 48. Bg2 Bb4 49. Bf3 Ba3 50. Be2 Nb7 51.
Bf3 Bc5+ 52. Kc3 Nd6 53. Kd2 Nf7 54. Ke2 Ne5 55. Bg2 Nxd3 56. Kxd3 Ke5 57.
Bf1 Kf4 58. Ke2 Kg3 59. Ke1 Kh2 60. Ke2 Kg1 61. Ke1 Bf2+ 62. Ke2 Bg3 0-1

[Event "20th ECC"]
[Site "Izmir TUR"]
[Date "2004.10.06"]
[Round "4"]
[White "Ghane,S"]
[Black "Matthiesen,A"]
[Result "1-0"]
[WhiteElo "2376"]
[BlackElo "2344"]
[EventDate "2004.10.03"]

1. d4 Nf6 2. Nf3 e6 3. e3 d5 4. Bd3 b6 5. Nbd2 Bb7 6. b3 c5 7. Bb2 Nc6 8.
a3 cxd4 9. exd4 g6 10. O-O Bg7 11. Ne5 O-O 12. Qe2 Qc7 13. Rfe1 Rac8 14.
Rac1 Rfd8 15. f4 Qe7 16. Qf3 Rc7 17. Re2 Ne4 18. Qe3 f5 19. Ndf3 Na5 20.
Kh1 Rdc8 21. Rg1 Nc6 22. Nxc6 Bxc6 23. g4 fxg4 24. Rxg4 Qf6 25. Reg2 Rf8
26. Ne5 Bb7 27. Bc1 Re8 28. Qg1 Ree7 29. a4 Kh8 30. h4 Qf5 31. Rg5 Qf6 32.
Qh2 Re8 33. h5 Nxg5 34. fxg5 Qd8 35. hxg6 Bxe5 36. Qxe5+ Rg7 37. Rh2 Ree7
38. Ba3 Rd7 39. Rxh7+ Kg8 40. Qxe6+ 1-0

[Event "20th ECC"]
[Site "Izmir TUR"]
[Date "2004.10.07"]
[Round "5"]
[White "Gretarsson,A"]
[Black "Margvelashvili,G"]
[Result "0-1"]
[WhiteElo "2335"]
[BlackElo "2349"]
[EventDate "2004.10.03"]

1. e4 c6 2. Nf3 d5 3. Nc3 Bg4 4. h3 Bh5 5. exd5 cxd5 6. g4 Bg6 7. Ne5 Nc6
8. d4 e6 9. Bb5 Rc8 10. Qe2 Bb4 11. h4 Nge7 12. a3 Bxc3+ 13. bxc3 h5 14.
Bxc6+ bxc6 15. f3 hxg4 16. fxg4 Be4 17. Rh3 Ng6 18. Nxg6 Bxg6 19. h5 Be4
20. c4 Qa5+ 21. Bd2 Qa4 22. Bb4 Rb8 23. cxd5 Rxb4 24. Qxe4 Rxd4 25. Qe2
cxd5 26. Rb1 O-O 27. g5 Re4 28. Re3 Rxe3 29. Qxe3 Qh4+ 30. Kd2 d4 31. Qe5
Qf2+ 32. Kd3 Rc8 33. Rb8 Qxc2+ 0-1

[Event "20th ECC"]
[Site "Izmir TUR"]
[Date "2004.10.07"]
[Round "5"]
[White "Mortensen,Jo"]
[Black "Ahn,M"]
[Result "1/2-1/2"]
[WhiteElo "2138"]
[BlackElo "2298"]
[EventDate "2004.10.03"]

1. e4 c5 2. Nf3 d6 3. Bb5+ Nd7 4. c3 Ngf6 5. Qe2 a6 6. Ba4 Qc7 7. O-O b5 8.
Bc2 c4 9. d4 cxd3 10. Bxd3 Nc5 11. Bc2 Bb7 12. e5 dxe5 13. Nxe5 e6 14. Nd2
Bd6 15. Ndf3 O-O 16. h3 Be4 17. Ng4 Nxg4 18. Bxe4 Nxe4 19. Qxe4 Nf6 20. Qh4
Rfd8 21. Be3 Bc5 22. Bxc5 Qxc5 23. Rfd1 Rd5 24. Rd4 Rad8 25. Rad1 h6 26.
Qf4 Rxd4 27. Rxd4 Rxd4 28. Qxd4 1/2-1/2

[Event "20th ECC"]
[Site "Izmir TUR"]
[Date "2004.10.07"]
[Round "5"]
[White "Spice,A"]
[Black "Kekki,P"]
[Result "0-1"]
[WhiteElo "2184"]
[BlackElo "2378"]
[EventDate "2004.10.03"]

1. Nc3 d5 2. e4 d4 3. Nce2 e5 4. Ng3 Be6 5. c3 c5 6. Bb5+ Nd7 7. Nf3 f6 8.
Qe2 Ne7 9. Bc4 Qb6 10. a4 g6 11. a5 Qc6 12. Bxe6 Qxe6 13. a6 b6 14. Qb5 Qc6
15. Qe2 b5 16. O-O Bg7 17. b4 dxc3 18. dxc3 c4 19. Rd1 O-O 20. Be3 Rf7 21.
Qd2 Nb6 22. Ra5 Na4 23. Ne2 Bf8 24. Qd7 Qxe4 25. Rxb5 Nc6 26. Qd2 Rd8 27.
Rd5 Rb8 28. h3 Qf5 29. Qa2 Nxc3 30. Nxc3 Nxb4 31. Qxc4 Rc8 32. Rc5 Bxc5 33.
Bxc5 Nxa6 34. Qxa6 Rxc5 35. Nd5 e4 36. Ne3 Qc8 37. Qxc8+ Rxc8 38. Nd2 f5
39. Ndc4 Rfc7 40. Nd6 Rd8 41. Nb5 Rxd1+ 42. Nxd1 Rc1 43. Nbc3 a5 44. Kf1
Kf7 45. Ke2 Rc2+ 46. Ke3 Ke6 47. Na4 Ke5 48. f4+ Kd5 49. g4 Kc4 50. gxf5
gxf5 51. Nb6+ Kb3 52. Nd5 Rh2 53. Nf2 a4 54. Ne7 Rxf2 55. Kxf2 a3 56. Nxf5
a2 0-1

[Event "20th ECC"]
[Site "Izmir TUR"]
[Date "2004.10.08"]
[Round "6"]
[White "Marciano,D"]
[Black "Ulker,A"]
[Result "1-0"]
[WhiteElo "2512"]
[BlackElo "2180"]
[EventDate "2004.10.03"]

1. e4 e6 2. d4 d5 3. Nd2 c5 4. Ngf3 Nc6 5. exd5 exd5 6. Bb5 Bd6 7. dxc5
Bxc5 8. O-O Nge7 9. Nb3 Bb6 10. Re1 O-O 11. Be3 Bxe3 12. Rxe3 Bg4 13. h3
Bh5 14. Qd2 Bxf3 15. Rxf3 a6 16. Bxc6 bxc6 17. Re1 Ng6 18. Rfe3 Qg5 19. Rc3
Qxd2 20. Nxd2 Rfc8 21. Nb3 Rab8 22. g3 Kf8 23. Rb1 Rb5 24. f4 Ne7 25. Nc5
a5 26. b3 Rd8 27. Kf2 Nf5 28. a4 Rb6 29. Re1 g6 30. g4 Nd6 31. Kf3 Nc8 32.
Rce3 Nd6 33. Re7 Rb4 34. Rc7 Rd4 35. Rxc6 Rd2 36. Re2 Rd1 37. Rc7 Rf1+ 38.
Kg3 h5 39. Nb7 Re8 40. Rxe8+ Nxe8 41. Rc6 hxg4 42. hxg4 Ke7 43. g5 Ng7 44.
Rc7+ Kf8 45. Nxa5 Nf5+ 46. Kh2 Rxf4 47. Nb7 Ne3 48. Nd6 d4 49. a5 Nd5 50.
Rc5 Nb4 51. Rc4 Nd5 52. a6 Rg4 53. a7 Nb6 54. Rc6 Rxg5 55. Rxb6 Ra5 56.
Rb8+ 1-0

[Event "20th ECC"]
[Site "Izmir TUR"]
[Date "2004.10.09"]
[Round "7"]
[White "Belozerov,A"]
[Black "Postl,A"]
[Result "1-0"]
[WhiteElo "2548"]
[BlackElo "2277"]
[EventDate "2004.10.03"]

1. e4 c5 2. Nc3 d6 3. Nge2 e5 4. g3 g6 5. Bg2 Bg7 6. d3 Ne7 7. Be3 Nbc6 8.
Qd2 Nd4 9. O-O O-O 10. f4 b5 11. Rae1 b4 12. Nd1 Rb8 13. c3 b3 14. axb3
Nxb3 15. Qc2 d5 16. fxe5 d4 17. cxd4 cxd4 18. Bg5 Bxe5 19. Nf4 Qd6 20. Nf2
Kg7 21. Nd5 f6 22. Bf4 Be6 23. Nxe7 Qxe7 24. Bh3 Rfc8 25. Qe2 Bxf4 26. gxf4
Bxh3 27. Nxh3 Rc5 28. Qg2 Rbc8 29. f5 Rc2 30. Re2 Rc1 31. Ref2 g5 32. e5
Kh8 33. exf6 Qxf6 34. Qb7 Qb6 35. Qe7 Rxf1+ 36. Rxf1 Qc7 37. Qf6+ Qg7 38.
Qe6 1-0

[Event "20th ECC"]
[Site "Izmir TUR"]
[Date "2004.10.09"]
[Round "7"]
[White "Holst,C"]
[Black "Margvelashvili,G"]
[Result "0-1"]
[WhiteElo "2163"]
[BlackElo "2349"]
[EventDate "2004.10.03"]

1. d4 Nf6 2. c4 e6 3. Nc3 Bb4 4. e3 c5 5. Bd3 Nc6 6. Nge2 cxd4 7. exd4 d5
8. cxd5 Nxd5 9. O-O O-O 10. Nxd5 exd5 11. Nf4 Bd6 12. Re1 g6 13. Be3 Be6
14. a3 Qf6 15. g3 Bxf4 16. Bxf4 Qxd4 17. h4 Rfe8 18. h5 Bd7 19. Qf3 Ne5 20.
Rxe5 Rxe5 21. Rd1 Rae8 22. hxg6 Re1+ 23. Kh2 hxg6 24. Be3 Qh8+ 0-1